| 000 | 00000nas 22000008a 4500 |
| 001 | 9.838828 |
| 003 | CaOODSP |
| 005 | 20231115141218 |
| 007 | cr ||||||||||| |
| 008 | 170623c20179999oncar p o f0 a0eng| |
| 022 | |a2560-9033 |
| 040 | |aCaOODSP|beng |
| 043 | |an-cn--- |
| 086 | 1 |aF1-55E-PDF |
| 110 | 1 |aCanada. |bDepartment of Finance. |
| 222 | 0|aDepartmental results report |b(Canada. Department of Finance) |
| 245 | 10|aDepartmental results report |h[electronic resource] / |cDepartment of Finance Canada. |
| 260 | |a[Ottawa] : |bDepartment of Finance Canada, |cc2017- |
| 310 | |aAnnual |
| 362 | 1 |aBegan with: 2016/17. |
| 500 | |aIssued also in French under title: Rapport sur les résultats ministériels. |
| 692 | 07|2gccst|aFinance |
| 692 | 07|2gccst|aPerformance assessment |
| 775 | 08|tRapport sur les résultats ministériels |w(CaOODSP)9.838832 |
| 780 | 00|tDepartmental performance report |w(CaOODSP)9.506530 |